<?xml version="1.0" encoding="UTF-8"?>
<collection xmlns="http://www.loc.gov/MARC21/slim">
 <record>
  <leader>01637nam a2200301 a 4500</leader>
  <controlfield tag="001">15979</controlfield>
  <controlfield tag="003">BD-DhAAL</controlfield>
  <controlfield tag="008">090823r20051992enka          001 0 eng d</controlfield>
  <datafield tag="020" ind1=" " ind2=" ">
   <subfield code="a">8175960299</subfield>
  </datafield>
  <datafield tag="040" ind1=" " ind2=" ">
   <subfield code="a">BD-DhAAL</subfield>
   <subfield code="c">BD-DhAAL</subfield>
  </datafield>
  <datafield tag="082" ind1="0" ind2="0">
   <subfield code="a">401.41</subfield>
   <subfield code="2">20</subfield>
  </datafield>
  <datafield tag="100" ind1="1" ind2=" ">
   <subfield code="a">Murphy, Raymond.</subfield>
   <subfield code="9">11383</subfield>
  </datafield>
  <datafield tag="245" ind1="0" ind2="0">
   <subfield code="a">Essential English grammar :</subfield>
   <subfield code="b">a self- study  reference and practice book for elementary students of English /</subfield>
   <subfield code="c">Raymond Murphy.</subfield>
  </datafield>
  <datafield tag="250" ind1=" " ind2=" ">
   <subfield code="a">Second edition.</subfield>
  </datafield>
  <datafield tag="260" ind1=" " ind2=" ">
   <subfield code="a">Cambridge :</subfield>
   <subfield code="b">Cambridge  University Press ;</subfield>
   <subfield code="a">New Delhi :</subfield>
   <subfield code="b">Foundation Books,</subfield>
   <subfield code="c">1992 [reprinted 2005]</subfield>
  </datafield>
  <datafield tag="300" ind1=" " ind2=" ">
   <subfield code="a">300 pages :</subfield>
   <subfield code="b">illustrations ;</subfield>
   <subfield code="c">24 cm</subfield>
  </datafield>
  <datafield tag="500" ind1=" " ind2=" ">
   <subfield code="a">Includes index.</subfield>
  </datafield>
  <datafield tag="526" ind1=" " ind2=" ">
   <subfield code="a">EL-Pro</subfield>
   <subfield code="x">Sheikh Shams
Faculty member of BRAC University</subfield>
  </datafield>
  <datafield tag="541" ind1="1" ind2=" ">
   <subfield code="e">00015979</subfield>
   <subfield code="a">Friends' Book Corner</subfield>
  </datafield>
  <datafield tag="650" ind1=" " ind2="0">
   <subfield code="a">English language</subfield>
   <subfield code="x">Grammar.</subfield>
  </datafield>
  <datafield tag="650" ind1=" " ind2="0">
   <subfield code="a">English language</subfield>
   <subfield code="x">Grammar</subfield>
   <subfield code="v">Problems, exercises, etc. </subfield>
  </datafield>
  <datafield tag="650" ind1=" " ind2="0">
   <subfield code="a">English language</subfield>
   <subfield code="v">Textbooks for foreign speakers. </subfield>
  </datafield>
  <datafield tag="852" ind1="4" ind2=" ">
   <subfield code="a">Ayesha Abed Library</subfield>
   <subfield code="c">General Stacks</subfield>
  </datafield>
  <datafield tag="942" ind1=" " ind2=" ">
   <subfield code="2">ddc</subfield>
   <subfield code="c">BK</subfield>
  </datafield>
  <datafield tag="999" ind1=" " ind2=" ">
   <subfield code="c">8421</subfield>
   <subfield code="d">8421</subfield>
  </datafield>
  <datafield tag="952" ind1=" " ind2=" ">
   <subfield code="0">0</subfield>
   <subfield code="1">0</subfield>
   <subfield code="2">ddc</subfield>
   <subfield code="4">0</subfield>
   <subfield code="6">401_410000000000000_MUR_2005</subfield>
   <subfield code="7">0</subfield>
   <subfield code="9">9836</subfield>
   <subfield code="a">BRACUL</subfield>
   <subfield code="b">BRACUL</subfield>
   <subfield code="c">GEN</subfield>
   <subfield code="d">2010-05-06</subfield>
   <subfield code="e">Friends' Book Corner</subfield>
   <subfield code="g">150.00</subfield>
   <subfield code="l">8</subfield>
   <subfield code="m">34</subfield>
   <subfield code="o">401.41 MUR</subfield>
   <subfield code="p">3010015979</subfield>
   <subfield code="q">2026-06-02</subfield>
   <subfield code="r">2026-05-19</subfield>
   <subfield code="s">2026-05-19</subfield>
   <subfield code="t">1</subfield>
   <subfield code="w">2010-05-06</subfield>
   <subfield code="y">BK</subfield>
   <subfield code="x">Requisitioned by Sheikh Shams, Faculty member of BRAC University</subfield>
  </datafield>
  <datafield tag="952" ind1=" " ind2=" ">
   <subfield code="0">0</subfield>
   <subfield code="1">0</subfield>
   <subfield code="2">ddc</subfield>
   <subfield code="4">0</subfield>
   <subfield code="6">401_000000000000000__41_MUR</subfield>
   <subfield code="7">0</subfield>
   <subfield code="9">53993</subfield>
   <subfield code="a">SCL</subfield>
   <subfield code="b">SCL</subfield>
   <subfield code="c">GEN</subfield>
   <subfield code="d">2015-06-02</subfield>
   <subfield code="g">425.00</subfield>
   <subfield code="l">0</subfield>
   <subfield code="o">401.41 MUR</subfield>
   <subfield code="p">3020005667</subfield>
   <subfield code="r">2015-06-02</subfield>
   <subfield code="t">2</subfield>
   <subfield code="w">2015-06-02</subfield>
   <subfield code="y">BK</subfield>
  </datafield>
  <datafield tag="952" ind1=" " ind2=" ">
   <subfield code="0">0</subfield>
   <subfield code="1">0</subfield>
   <subfield code="2">ddc</subfield>
   <subfield code="4">0</subfield>
   <subfield code="6">401_000000000000000__41_MUR</subfield>
   <subfield code="7">0</subfield>
   <subfield code="9">54084</subfield>
   <subfield code="a">SCL</subfield>
   <subfield code="b">SCL</subfield>
   <subfield code="c">GEN</subfield>
   <subfield code="d">2015-06-07</subfield>
   <subfield code="g">425.00</subfield>
   <subfield code="l">2</subfield>
   <subfield code="o">401.41 MUR</subfield>
   <subfield code="p">3020005668</subfield>
   <subfield code="r">2022-11-27</subfield>
   <subfield code="s">2022-11-20</subfield>
   <subfield code="t">3</subfield>
   <subfield code="w">2015-06-07</subfield>
   <subfield code="y">BK</subfield>
  </datafield>
 </record>
</collection>
